Digestibility of goats by using silage of mulato II grass at royal university of agriculture, លទ្ធភាពរំលាយអាហាររបស់ពពែដោយប្រើប្រាស់ស្មៅ MULATO II ផ្អាប់នៅសាកលវីទ្យាល័យភូមិន្ទកសិកម្ម (Record no. 2669)

000 -LEADER
fixed length control field 00684nam a22001337a 4500
040 ## - CATALOGING SOURCE
Transcribing agency RUA
082 ## - DEWEY DECIMAL CLASSIFICATION NUMBER
Classification number AVM HUN 2013 B109 Or.1
100 ## - MAIN ENTRY--AUTHOR NAME
Personal name HUN, SOKHA.
245 ## - TITLE STATEMENT
Title Digestibility of goats by using silage of mulato II grass at royal university of agriculture, លទ្ធភាពរំលាយអាហាររបស់ពពែដោយប្រើប្រាស់ស្មៅ MULATO II ផ្អាប់នៅសាកលវីទ្យាល័យភូមិន្ទកសិកម្ម
260 ## - PUBLICATION, DISTRIBUTION, ETC. (IMPRINT)
Place of publication Phnom Penh
Name of publisher RUA
Year of publication 2013
300 ## - PHYSICAL DESCRIPTION
Number of Pages x; 44p.
Other physical details ill.
Dimensions 29cm.
856 ## - ELECTRONIC LOCATION AND ACCESS
Uniform Resource Identifier https://drive.google.com/file/d/1W7WeUxOI5s0zK2g84B8h5AAIaAi9tt0L/view?usp=sharing
942 ## - ADDED ENTRY ELEMENTS (KOHA)
Koha item type AVM
952 ## - LOCATION AND ITEM INFORMATION (KOHA)
Withdrawn status [LOCAL, KOHA] 0
952 ## - LOCATION AND ITEM INFORMATION (KOHA)
Withdrawn status [LOCAL, KOHA] 0
952 ## - LOCATION AND ITEM INFORMATION (KOHA)
Withdrawn status [LOCAL, KOHA] 0
952 ## - LOCATION AND ITEM INFORMATION (KOHA)
Withdrawn status [LOCAL, KOHA] 0
952 ## - LOCATION AND ITEM INFORMATION (KOHA)
Withdrawn status [LOCAL, KOHA] 0
952 ## - LOCATION AND ITEM INFORMATION (KOHA)
Withdrawn status [LOCAL, KOHA] 0
952 ## - LOCATION AND ITEM INFORMATION (KOHA)
Withdrawn status [LOCAL, KOHA] 0
952 ## - LOCATION AND ITEM INFORMATION (KOHA)
Withdrawn status [LOCAL, KOHA] 0
952 ## - LOCATION AND ITEM INFORMATION (KOHA)
Withdrawn status [LOCAL, KOHA] 0
952 ## - LOCATION AND ITEM INFORMATION (KOHA)
Withdrawn status [LOCAL, KOHA] 0
Holdings
Permanent Location Date acquired Koha item type Lost status Shelving location Barcode Current Location Full call number
Library Block B2015-10-25AVM B109RUA018225Library Block BAVM HUN 2013 B109 Or.1
Library Block B2015-10-25AVM B109RUA018080Library Block BAVM HUN 2013 B109 Or.2
Library Block B2015-10-25AVM B109RUA008978Library Block BAVM HUN 2013 B109 Or.3
Library Block B2015-10-25AVM B109RUA008906Library Block BAVM HUN 2013 B109 Or.4
Library Block B2015-10-25AVM B109RUA008745Library Block BAVM HUN 2013 B109 Or.5
Library Block B2015-10-25AVM B109RUA008834Library Block BAVM HUN 2013 B109 Or.6
Library Block B2015-10-25AVM B109RUA008841Library Block BAVM HUN 2013 B109 Or.7
Library Block B2015-10-25AVM B109RUA008840Library Block BAVM HUN 2013 B109 Or.8
Library Block B2019-07-15AVM B1.230A38231Library Block BAVM HUN 2013 B1.230 Or.1
Library Block B2019-07-15AVM B1.230A37911Library Block BAVM HUN 2013 B1.230 Or.2
មជ្ឈមណ្ឌលឯការនៃសាកលវិទ្យាល័យភូមិន្ទកសិកម្មចំការដូង

Powered by Koha